New York Multiple Choice - Statistics

General Stats
  • This quiz has been taken 198 times
    181 since last reset
  • The average score is 9 of 15
Answer Stats
Question Answer % Correct
After New York City, what is the largest city in New York by population? Buffalo
93%
Which of these is NOT one of New York City’s boroughs? Chinatown
93%
Which of these outdoor attractions are NOT located in New York? Sequoia National Park
86%
What is the second most spoken language in New York? Spanish
79%
Which one of these is NOT a nickname for New York? The City of Lights
79%
Which of these states does New York NOT border? Ohio
71%
Which of these buildings is located in New York? Freedom Tower
64%
How many Canadian Provinces are bordered by New York? 2
57%
True or False: Less than 1% of New York’s population lives in its capital True
57%
Which of these rivers do NOT flow through New York? Connecticut River
43%
Which of these singers were NOT born in New York? Ariana Grande
36%
Which of these waterways does the state of New York border? Lake Erie
36%
What province/state shares the longest border with New York? (Including water border) Ontario
36%
Around how many people live in New York City? 8.6 Million
29%
Where does New York rank by area when compared to the rest of the US states? 27th
21%
No matching quizzes found
Score Distribution
Percent of People with Each Score
Percentile by Number Answered
Your Score History
You have not taken this quiz since the last reset